00625pab a2200181 454500008004000000100002300040245009400063260000900157300001400166362001200180650002800192650003000220650002200250773004000272909001000312999001700322952010400339180718b2005 xxu||||| |||| 00| 0 eng d aSrivastava, Rashmi aMinority representation of a political majority group: women in Indian democratic process c2005 ap.233-52. aApr-Jun aMinority groups - India aWomen in politics - India aWomen in politics aIndian Journal of Political Science a65425 c65425d65425 00104070aIIPAbIIPAd2018-07-19hVolume no: 46, Issue no: 2pAR65877r2018-07-19w2018-07-19yAR